| 000 | 00396nam a2200157Ia 4500 | ||
|---|---|---|---|
| 999 |
_c30360 _d30360 |
||
| 003 | OSt | ||
| 005 | 20250814103838.0 | ||
| 008 | 250310s9999||||xx |||||||||||||| ||und|| | ||
| 040 | _c. | ||
| 082 |
_a901.9 _bP2475 |
||
| 100 |
_96050 _aParkinson, C. Northcote |
||
| 245 | 0 |
_aEast and West / _cC. Northcote Parkinson |
|
| 260 |
_aLondon : _bJohn Murray, _c1963. |
||
| 300 | _a290 p. | ||
| 942 |
_cBK _2ddc |
||